Rubberwood-Polymer composites based on diallyl phthalate and methyl methacrylate (Record no. 48193)
[ view plain ]
| 000 -LEADER | |
|---|---|
| fixed length control field | 00862nam a2200157Ia 4500 |
| 100 ## - MAIN ENTRY--AUTHOR NAME | |
| Personal name | Rozman H D |
| 245 #0 - TITLE STATEMENT | |
| Title | Rubberwood-Polymer composites based on diallyl phthalate and methyl methacrylate |
| 260 ## - PUBLICATION, DISTRIBUTION, ETC. (IMPRINT) | |
| Name of publisher | Journal of Applied Polymer Science |
| Year of publication | 1995 |
| 300 ## - PHYSICAL DESCRIPTION | |
| Number of Pages | 1291-1298 |
| 520 ## - SUMMARY, ETC. | |
| Summary, etc | Wood-polymer composites(WPC) of rubberwood(Hevea brasiliensis), were prepared by impregnating the wood with methyl methacrylate(MMA), and the combinations of MMA and diallyl phthalate(MMA/DAP). Polymerization was carried out by catalyst heat treatment. Impregnated samples showed significant improvements in compressive and impact strengths, hardness, and dimensional stability (towars water) over that of the untreated rubberwood. |
| 650 ## - SUBJECT ADDED ENTRY--TOPICAL TERM | |
| Topical Term | Rubberwood |
| 700 ## - ADDED ENTRY--PERSONAL NAME | |
| Personal name | Abusamah A |
| 700 ## - ADDED ENTRY--PERSONAL NAME | |
| Personal name | Kumar R N |
| 942 ## - ADDED ENTRY ELEMENTS (KOHA) | |
| Koha item type | Bibliography RLWO |
| Withdrawn status | Lost status | Damaged status | Not for loan | Home library | Current library | Date acquired | Serial Enumeration / chronology | Koha item type |
|---|---|---|---|---|---|---|---|---|
| Bibliography | RRII Library | RRII Library | 31/12/2021 | Volume 57, Issue 11 | Bibliography RLWO |